000 00304nam a2200121Ia 4500
008 240624s9999 xx 000 0 und d
041 _aeng
082 _a658 SAE
100 _aSAEED KHAWAJA AMJAD
245 _aMANAGEMENT CASES
260 _c2000
_aNew Delhi
_bExcel Books
300 _axvii, : 264 : p. : cm. ; 24
999 _c34
_d34